Island Countries That Start With a Vowel - Statistics

General Stats
  • This quiz has been taken 88 times
  • The average score is 5 of 6
Answer Stats
Country % Correct
Antigua and Barbuda
91%
Iceland
88%
Ireland
85%
United Kingdom
81%
Indonesia
80%
East Timor
50%
No matching quizzes found
Score Distribution
Percent of People with Each Score
Percentile by Number Answered
Your Score History
You have not taken this quiz